[Event "72nd ARM Championship. The Highest Leagu"]
[Site "Yerevan"]
[Date "2012.01.18"]
[Round "7.1"]
[White "Andriasian, Zaven"]
[Black "Melkumyan, Hrant"]
[Result "1/2-1/2"]
[WhiteElo "2624"]
[BlackElo "2620"]
[PlyCount "39"]
[EventDate "2012.01.11"]
[EventRounds "11"]
[EventCountry "ARM"]

1. c4 e6 2. Nf3 Nf6 3. b3 b6 4. g3 Bb7 5. Bg2 c5 6. Bb2 Be7 7. O-O O-O 8. Nc3
Nc6 9. d4 Nxd4 10. Nxd4 Bxg2 11. Kxg2 cxd4 12. Qxd4 Qc7 13. Rad1 Rfd8 14. Qf4
Qxf4 15. gxf4 a6 16. a4 Nh5 17. Kf3 f5 18. Rd3 Nf6 19. Rfd1 Ra7 20. e4 1/2-1/2

[Event "72nd ARM Championship. The Highest Leagu"]
[Site "Yerevan"]
[Date "2012.01.18"]
[Round "7.1"]
[White "Petrosian, Tigran L"]
[Black "Babujian, Levon"]
[Result "1-0"]
[WhiteElo "2636"]
[BlackElo "2474"]
[PlyCount "87"]
[EventDate "2012.01.11"]
[EventRounds "11"]
[EventCountry "ARM"]

1. g3 e5 2. c4 Nc6 3. Bg2 g6 4. Nc3 Bg7 5. d3 d6 6. e4 h5 7. h4 Nd4 8. Bg5 Bf6
9. Be3 c6 10. Bxd4 exd4 11. Nce2 Nh6 12. Nf3 Ng4 13. Qd2 Qb6 14. O-O a5 15. b3
O-O 16. a3 Re8 17. Rab1 Bg7 18. Nh2 Qc5 19. Ra1 b5 20. Nxg4 hxg4 21. Rfc1 bxc4
22. Rxc4 Qb6 23. Rac1 Bd7 24. b4 Reb8 25. Qf4 Be5 26. Qg5 axb4 27. axb4 Ra2 28.
Bf1 Kg7 29. h5 Rh8 30. Qe7 Be6 31. Rxc6 Qxb4 32. Rc7 Bb3 33. hxg6 Kxg6 34. Nf4+
Bxf4 35. gxf4 Qd2 36. Qg5+ Kh7 37. Qh4+ Kg7 38. Qxg4+ Kh7 39. Qh4+ Kg7 40. Qg3+
Kh7 41. Rc8 Rxc8 42. Rxc8 f6 43. Rc7+ Kh6 44. Qh4+ 1-0

[Event "72nd ARM Championship. The Highest Leagu"]
[Site "Yerevan"]
[Date "2012.01.19"]
[Round "8.1"]
[White "Melkumyan, Hrant"]
[Black "Petrosian, Tigran L"]
[Result "0-1"]
[WhiteElo "2620"]
[BlackElo "2636"]
[PlyCount "112"]
[EventDate "2012.01.11"]
[EventRounds "11"]
[EventCountry "ARM"]

1. d4 Nf6 2. c4 e6 3. Nc3 Bb4 4. e3 O-O 5. Bd3 d5 6. Nf3 c5 7. O-O dxc4 8. Bxc4
Nbd7 9. Qe2 a6 10. a4 Qe7 11. Rd1 Ba5 12. e4 cxd4 13. Nxd4 Ne5 14. Bb3 Bd7 15.
Bf4 Bc7 16. Nc2 Rfd8 17. Bg3 Bc6 18. Nd4 Be8 19. Nc2 Ng6 20. Bxc7 Qxc7 21. Ne3
Bc6 22. f3 Nf4 23. Qf2 Qb6 24. Bc4 Qb4 25. Qc2 Nd7 26. Qb3 Qc5 27. Ne2 Ne5 28.
Nxf4 Nxc4 29. Re1 Nd2 30. Qc3 Qg5 31. Nh3 Nxf3+ 32. Kf2 Qh5 33. Nf4 Qe5 34.
Kxf3 Qxe4+ 35. Kg3 g5 36. Ned5 gxf4+ 37. Nxf4 Qd4 38. Re5 Qxc3+ 39. bxc3 Rd2
40. Kh3 f6 41. Re3 Kf7 42. g4 e5 43. Nh5 Rad8 44. Ng3 Rf2 45. Rae1 Rdd2 46. Ne2
Bf3 47. Kg3 Rfxe2 48. Kxf3 Rf2+ 49. Kg3 Rg2+ 50. Kf3 Rdf2+ 51. Ke4 Rxg4+ 52.
Kd5 Rxa4 53. Rh3 Rd2+ 54. Kc5 Ke6 55. Kb6 Rd7 56. Rg1 Rc4 0-1

[Event "72nd ARM Championship. The Highest Leagu"]
[Site "Yerevan"]
[Date "2012.01.19"]
[Round "8.1"]
[White "Simonian, Hrair"]
[Black "Andriasian, Zaven"]
[Result "1/2-1/2"]
[WhiteElo "2470"]
[BlackElo "2624"]
[PlyCount "37"]
[EventDate "2012.01.11"]
[EventRounds "11"]
[EventCountry "ARM"]

1. e4 c5 2. Nc3 d6 3. Bb5+ Bd7 4. a4 Nc6 5. d3 g6 6. Bg5 Bg7 7. Nge2 Nf6 8. O-O
O-O 9. Qd2 Nd4 10. Nxd4 cxd4 11. Ne2 Bxb5 12. axb5 Qb6 13. c4 dxc3 14. Nxc3 a6
15. Be3 Qd8 16. bxa6 bxa6 17. Ra4 Qd7 18. Rfa1 Qb7 19. h3 1/2-1/2

[Event "72nd ARM Championship. The Highest Leagu"]
[Site "Yerevan"]
[Date "2012.01.19"]
[Round "8.1"]
[White "Ter-Sahakyan, Samvel"]
[Black "Pashikian, Arman"]
[Result "1-0"]
[WhiteElo "2569"]
[BlackElo "2608"]
[PlyCount "67"]
[EventDate "2012.01.11"]
[EventRounds "11"]
[EventCountry "ARM"]

1. e4 e5 2. Nf3 Nc6 3. Bb5 Nf6 4. d3 Bc5 5. c3 O-O 6. O-O d6 7. Bg5 h6 8. Bh4
g5 9. Bg3 Nh5 10. Nbd2 Qf6 11. a4 a6 12. Bxc6 bxc6 13. d4 exd4 14. e5 Qg6 15.
cxd4 Bb4 16. Rc1 c5 17. dxc5 dxc5 18. Nb3 Nxg3 19. hxg3 Qc6 20. Qe2 Rb8 21. Qe3
Be6 22. Nxc5 Bxc5 23. Rxc5 Qxa4 24. Nd4 Rfe8 25. Rxc7 Rxb2 26. Rfc1 Qa2 27.
R1c6 Qa1+ 28. Kh2 Qf1 29. Rxe6 Rxe6 30. Nxe6 fxe6 31. Rc8+ Kg7 32. Qa7+ Kg6 33.
Rg8+ Kf5 34. Qh7+ 1-0

[Event "72nd ARM Championship. The Highest Leagu"]
[Site "Yerevan"]
[Date "2012.01.19"]
[Round "8.1"]
[White "Hovhannisyan, Robert"]
[Black "Grigoryan, Karen H"]
[Result "1-0"]
[WhiteElo "2589"]
[BlackElo "2482"]
[PlyCount "91"]
[EventDate "2012.01.11"]
[EventRounds "11"]
[EventCountry "ARM"]

1. e4 c5 2. Nf3 d6 3. d4 cxd4 4. Nxd4 Nf6 5. Nc3 a6 6. Be3 e6 7. Be2 Qc7 8. a4
b6 9. f4 Bb7 10. Bf3 Nc6 11. O-O Be7 12. f5 e5 13. Nxc6 Qxc6 14. Nd5 Nxd5 15.
exd5 Qc4 16. b3 Qc7 17. Be4 Qc3 18. Qf3 Bd8 19. Kh1 O-O 20. Qe2 f6 21. Bd2 Qc7
22. Rf3 Rf7 23. Rc3 Qe7 24. Rh3 Rc8 25. Qh5 h6 26. Rg3 Kf8 27. Qe2 Qd7 28. Bb4
b5 29. axb5 axb5 30. Qf2 Kg8 31. h3 Qc7 32. Qd2 Kh8 33. Qe2 Qb6 34. Kh2 Kg8 35.
c3 Ra8 36. Rxa8 Bxa8 37. Qh5 Kf8 38. Qg6 Ke7 39. Bf3 Bc7 40. Qh7 Qe3 41. Bh5
Qc1 42. Qg8 Bxd5 43. Bxf7 Bxf7 44. Qc8 Bd8 45. Bxd6+ Kxd6 46. Rd3+ 1-0

[Event "72nd ARM Championship. The Highest Leagu"]
[Site "Yerevan"]
[Date "2012.01.19"]
[Round "8.1"]
[White "Minasian, Artashes"]
[Black "Grigoryan, Avetik"]
[Result "1/2-1/2"]
[WhiteElo "2525"]
[BlackElo "2621"]
[PlyCount "54"]
[EventDate "2012.01.11"]
[EventRounds "11"]
[EventCountry "ARM"]

1. e4 e6 2. d3 d5 3. Nd2 Nf6 4. Ngf3 b6 5. e5 Nfd7 6. g3 c5 7. Nb3 Nc6 8. Bf4
a5 9. a4 Qc7 10. d4 cxd4 11. Nbxd4 Nxd4 12. Nxd4 Be7 13. Bb5 Ba6 14. Qg4 g5 15.
Bxg5 Rg8 16. Qe2 Rxg5 17. f4 Qc5 18. Bxa6 Qxd4 19. Rd1 Qxb2 20. fxg5 Qc3+ 21.
Kf2 Rxa6 22. Qxa6 Bc5+ 23. Kg2 Qxc2+ 24. Kh3 Qf5+ 25. Kg2 Qe4+ 26. Kh3 Qf5+ 27.
Kg2 Qe4+ 1/2-1/2

[Event "72nd ARM Championship. The Highest Leagu"]
[Site "Yerevan"]
[Date "2012.01.20"]
[Round "9.1"]
[White "Grigoryan, Karen H"]
[Black "Minasian, Artashes"]
[Result "1-0"]
[WhiteElo "2482"]
[BlackElo "2525"]
[PlyCount "77"]
[EventDate "2012.01.11"]
[EventRounds "11"]
[EventCountry "ARM"]

1. Nf3 g6 2. g3 Bg7 3. d4 Nf6 4. Bg2 O-O 5. O-O c5 6. d5 d6 7. Nc3 Na6 8. h3
Nc7 9. a4 b6 10. e4 Bb7 11. Nd2 Qd7 12. Re1 e6 13. dxe6 Nxe6 14. Nc4 Rad8 15.
Nd5 Rfe8 16. c3 Nxd5 17. exd5 Nc7 18. Rxe8+ Rxe8 19. Bf4 Be5 20. Bxe5 dxe5 21.
d6 Bxg2 22. Kxg2 Qc6+ 23. Kg1 Nd5 24. Qb3 Nf6 25. Qb5 Qd5 26. Re1 e4 27. b4 Rd8
28. bxc5 bxc5 29. Ne3 Qd2 30. Rd1 Qxc3 31. Qa6 Rd7 32. Nd5 Nxd5 33. Qc8+ Kg7
34. Qxd7 e3 35. Qe8 exf2+ 36. Kxf2 Qf6+ 37. Kg1 Qxd6 38. Qe3 c4 39. Qd4+ 1-0

[Event "72nd ARM Championship. The Highest Leagu"]
[Site "Yerevan"]
[Date "2012.01.20"]
[Round "9.1"]
[White "Petrosian, Tigran L"]
[Black "Simonian, Hrair"]
[Result "1/2-1/2"]
[WhiteElo "2636"]
[BlackElo "2470"]
[PlyCount "49"]
[EventDate "2012.01.11"]
[EventRounds "11"]
[EventCountry "ARM"]

1. Nf3 Nf6 2. g3 b6 3. Bg2 Bb7 4. O-O e6 5. c4 Be7 6. Nc3 O-O 7. d4 d5 8. cxd5
Nxd5 9. Nxd5 Bxd5 10. Bf4 Nc6 11. Rc1 Rc8 12. a3 Bf6 13. e3 h6 14. Re1 Be4 15.
Nd2 Bxg2 16. Kxg2 Ne7 17. Ne4 Nd5 18. Nxf6+ Nxf6 19. e4 Qd7 20. f3 Rfd8 21. Be3
Ne8 22. Qc2 c6 23. Red1 f5 24. Bf4 Nf6 25. Qe2 1/2-1/2

[Event "72nd ARM Championship. The Highest Leagu"]
[Site "Yerevan"]
[Date "2012.01.21"]
[Round "10.1"]
[White "Ter-Sahakyan, Samvel"]
[Black "Petrosian, Tigran L"]
[Result "1/2-1/2"]
[WhiteElo "2569"]
[BlackElo "2636"]
[PlyCount "86"]
[EventDate "2012.01.11"]
[EventRounds "11"]
[EventCountry "ARM"]

1. e4 e5 2. Nf3 Nc6 3. Bc4 Bc5 4. c3 Nf6 5. d3 O-O 6. Bg5 h6 7. Bh4 Be7 8. Nbd2
d6 9. Nf1 Na5 10. Bb5 c5 11. Bxf6 Bxf6 12. Ne3 Qb6 13. a4 Be6 14. Qe2 a6 15.
Bc4 Nxc4 16. dxc4 Qc6 17. Nd5 Bxd5 18. cxd5 Qd7 19. O-O b5 20. Ra2 c4 21. Rfa1
Qb7 22. Qe3 Rfb8 23. h4 Bd8 24. g3 Bb6 25. Qe2 Bc5 26. Kg2 Rf8 27. axb5 axb5
28. Rxa8 Rxa8 29. Rxa8+ Qxa8 30. h5 Qd8 31. Nh4 Qg5 32. Nf5 g6 33. hxg6 fxg6
34. Nh4 Kg7 35. b3 h5 36. bxc4 bxc4 37. Nf3 Qc1 38. Qd2 Qb1 39. Ng5 Kf6 40.
Nh7+ Kg7 41. Ng5 Kf6 42. Nh7+ Kg7 43. Ng5 Kf6 1/2-1/2

[Event "72nd ARM Championship. The Highest Leagu"]
[Site "Yerevan"]
[Date "2012.01.21"]
[Round "10.1"]
[White "Hovhannisyan, Robert"]
[Black "Andriasian, Zaven"]
[Result "1-0"]
[WhiteElo "2589"]
[BlackElo "2624"]
[PlyCount "99"]
[EventDate "2012.01.11"]
[EventRounds "11"]
[EventCountry "ARM"]

1. e4 c5 2. Nf3 d6 3. d4 cxd4 4. Nxd4 Nf6 5. Nc3 a6 6. Be2 e5 7. Nb3 Be7 8. O-O
O-O 9. Be3 Be6 10. Qd3 Nbd7 11. Nd5 Bxd5 12. exd5 Re8 13. c4 Bf8 14. Nd2 a5 15.
Bd1 Nc5 16. Qe2 g6 17. Nb1 Nh5 18. Bxc5 dxc5 19. Qd2 Ng7 20. Ba4 Re7 21. d6 Re6
22. d7 Nf5 23. Qd5 e4 24. Nc3 e3 25. Qxb7 Rb8 26. Qf3 Rxb2 27. Rab1 Nd4 28.
Qxf7+ Kxf7 29. fxe3+ Kg7 30. Rxb2 Rxe3 31. Nd5 Re2 32. Rxe2 Nxe2+ 33. Kf2 Nd4
34. Re1 Qh4+ 35. Kf1 Ne6 36. Rxe6 Qxc4+ 37. Ke1 Qxd5 38. Re8 c4 39. d8=Q Bb4+
40. Kf2 Bc5+ 41. Ke2 Qxg2+ 42. Kd1 Qf3+ 43. Kc2 Qf5+ 44. Kb2 c3+ 45. Kxc3 Bb4+
46. Kb2 Qf2+ 47. Kb1 Qf5+ 48. Bc2 Qf1+ 49. Kb2 Qf4 50. Re4 1-0

[Event "72nd ARM Championship. The Highest Leagu"]
[Site "Yerevan"]
[Date "2012.01.21"]
[Round "10.1"]
[White "Grigoryan, Avetik"]
[Black "Grigoryan, Karen H"]
[Result "0-1"]
[WhiteElo "2621"]
[BlackElo "2482"]
[PlyCount "120"]
[EventDate "2012.01.11"]
[EventRounds "11"]
[EventCountry "ARM"]

1. d4 d5 2. Nf3 Nf6 3. c4 dxc4 4. e3 e6 5. Bxc4 a6 6. O-O c5 7. dxc5 Qxd1 8.
Rxd1 Bxc5 9. Be2 Nbd7 10. Nbd2 b5 11. a4 bxa4 12. Nc4 Bb7 13. Rxa4 Ke7 14. Bd2
Rhc8 15. Nfe5 Nxe5 16. Nxe5 Nd5 17. Rh4 h6 18. Nd3 Bb6 19. Nb4 Nf6 20. Bc3 a5
21. Nd3 Bd5 22. Ra1 Bc4 23. Kf1 Bb5 24. Ne1 Bd7 25. Bf3 Bb5+ 26. Be2 Bd7 27.
Bf3 Ra7 28. Nc2 a4 29. Ke1 Ba5 30. Bxa5 Rxa5 31. Na3 Rb8 32. Rd4 Rc5 33. Rd2 e5
34. h3 g5 35. Rad1 Be6 36. Ra1 Rb4 37. Bd1 Bd7 38. Rb1 Rc7 39. Bc2 Rcb7 40. Bd3
Be6 41. Bc2 Ba2 42. Ra1 Bd5 43. f3 e4 44. fxe4 Bxe4 45. Rb1 Bd5 46. Bd1 Be4 47.
Bc2 Bc6 48. Bf5 Bd5 49. Bd3 Rb3 50. Bc4 Rxa3 51. Bxd5 Rxe3+ 52. Kd1 Nxd5 53.
Rxd5 a3 54. b4 Rd7 55. Rxd7+ Kxd7 56. Kc2 f5 57. h4 Rg3 58. Rd1+ Kc6 59. hxg5
hxg5 60. Rd2 f4 0-1

[Event "72nd ARM Championship. The Highest Leagu"]
[Site "Yerevan"]
[Date "2012.01.22"]
[Round "11.1"]
[White "Pashikian, Arman"]
[Black "Grigoryan, Avetik"]
[Result "1/2-1/2"]
[WhiteElo "2608"]
[BlackElo "2621"]
[PlyCount "115"]
[EventDate "2012.01.11"]
[EventRounds "11"]
[EventCountry "ARM"]

1. d4 d5 2. c4 c6 3. Nc3 dxc4 4. e4 b5 5. a4 b4 6. Nb1 Ba6 7. Qc2 Qxd4 8. Nf3
Qb6 9. Be3 Qc7 10. Nbd2 e6 11. Bxc4 Bxc4 12. Nxc4 Nf6 13. O-O Be7 14. e5 Nd5
15. Bg5 O-O 16. Rac1 c5 17. Rfd1 Nc6 18. Bxe7 Qxe7 19. Ne3 Nd4 20. Nxd4 Nxe3
21. fxe3 cxd4 22. Rxd4 a5 23. h4 h6 24. Qc6 Rfd8 25. Rcc4 Qf8 26. Kh2 Rdc8 27.
Qb7 Qe8 28. b3 Rxc4 29. Rxc4 Qb8 30. Qe4 Qa7 31. Qd4 Qb7 32. Rc5 Qe7 33. Kg3
Rd8 34. Qc4 Qa7 35. Kh2 h5 36. Qc1 Qa6 37. Qb2 Qf1 38. Qc2 Qd3 39. Qf2 Qxb3 40.
Rxa5 Qc4 41. Ra7 Rf8 42. Rb7 Qe4 43. Rb5 Ra8 44. a5 b3 45. Qf4 Qxf4+ 46. exf4
Kh7 47. Rxb3 Rxa5 48. Rb7 Kg6 49. Re7 Ra3 50. g3 Ra2+ 51. Kh3 Rb2 52. Re8 Kf5
53. Rg8 g6 54. Rf8 Rb7 55. Ra8 Ke4 56. Ra4+ Kf3 57. Ra3+ Ke2 58. Ra2+ 1/2-1/2

[Event "72nd ARM Championship. The Highest Leagu"]
[Site "Yerevan"]
[Date "2012.01.22"]
[Round "11.1"]
[White "Andriasian, Zaven"]
[Black "Minasian, Artashes"]
[Result "1/2-1/2"]
[WhiteElo "2624"]
[BlackElo "2525"]
[PlyCount "62"]
[EventDate "2012.01.11"]
[EventRounds "11"]
[EventCountry "ARM"]

1. e4 e6 2. d4 d5 3. Nc3 Bb4 4. e5 c5 5. a3 Bxc3+ 6. bxc3 Qc7 7. Qg4 f5 8. Qg3
Nc6 9. Nf3 cxd4 10. cxd4 Nge7 11. Bd2 O-O 12. Bd3 Bd7 13. O-O Be8 14. h4 Bh5
15. Ng5 Nxd4 16. c3 f4 17. Qh3 Nb3 18. Nxe6 Qc8 19. Ra2 Nc5 20. Nxc5 Qxc5 21.
Rb2 b6 22. Rb4 f3 23. g4 Bg6 24. Bxg6 Nxg6 25. Re1 Ne7 26. Qg3 Nc6 27. Rf4 Rxf4
28. Bxf4 Rf8 29. e6 Qxc3 30. Re3 Qc4 31. Bg5 Nd4 1/2-1/2

[Event "72nd ARM Championship. The Highest Leagu"]
[Site "Yerevan"]
[Date "2012.01.22"]
[Round "11.1"]
[White "Babujian, Levon"]
[Black "Ter-Sahakyan, Samvel"]
[Result "0-1"]
[WhiteElo "2474"]
[BlackElo "2569"]
[PlyCount "36"]
[EventDate "2012.01.11"]
[EventRounds "11"]
[EventCountry "ARM"]

1. d4 d5 2. c4 e6 3. Nc3 Bb4 4. Bf4 Nf6 5. e3 c5 6. dxc5 Nc6 7. Rc1 e5 8. Bg5
d4 9. a3 Ba5 10. b4 dxc3 11. bxa5 Qd2+ 12. Qxd2 cxd2+ 13. Kxd2 Ne4+ 14. Ke1
Nxg5 15. Ne2 Ne4 16. a6 bxa6 17. g4 Nxc5 18. Bg2 e4 0-1

[Event "72nd ARM Championship. The Highest Leagu"]
[Site "Yerevan"]
[Date "2012.01.22"]
[Round "11.1"]
[White "Melkumyan, Hrant"]
[Black "Simonian, Hrair"]
[Result "1/2-1/2"]
[WhiteElo "2620"]
[BlackElo "2470"]
[PlyCount "183"]
[EventDate "2012.01.11"]
[EventRounds "11"]
[EventCountry "ARM"]

1. d4 d5 2. c4 c6 3. Nf3 Nf6 4. Nc3 a6 5. e3 b5 6. b3 Bg4 7. h3 Bxf3 8. Qxf3 e6
9. Bd2 Bb4 10. Qd1 O-O 11. Bd3 Nbd7 12. O-O Qe7 13. Qe2 Rfe8 14. Rfc1 e5 15.
dxe5 dxc4 16. exf6 cxd3 17. fxe7 dxe2 18. Rc2 Bxe7 19. Nxe2 c5 20. Nf4 Nf6 21.
Rac1 Rac8 22. Bb4 Nd7 23. Nd3 Rc7 24. Bxc5 Nxc5 25. Nxc5 Rec8 26. b4 a5 27. a3
Bxc5 28. bxc5 h5 29. c6 b4 30. Rc5 g6 31. a4 b3 32. Rxa5 Rxc6 33. Rxc6 Rxc6 34.
Rb5 Ra6 35. a5 b2 36. Rxb2 Rxa5 37. g3 Kg7 38. Kg2 Ra3 39. Kf3 Kf6 40. Rb6+ Kg7
41. Rb5 Ra2 42. Rd5 Kf6 43. Rd3 Ke5 44. Rb3 Ke6 45. e4 Rc2 46. Ke3 Ra2 47. h4
Kf6 48. f3 Rg2 49. Kf4 Rg1 50. Rb7 Kg7 51. Re7 Kf8 52. Rd7 Kg7 53. e5 Re1 54.
Rd3 Re2 55. Rd1 Kh7 56. Rd3 Kg7 57. Re3 Rg2 58. Re4 Rg1 59. Re2 Kh6 60. Ra2 Kg7
61. Ra7 Re1 62. Rd7 Re2 63. Rd6 Re1 64. Ra6 Re2 65. Ra8 Re1 66. Re8 Rg1 67. Re7
Kf8 68. Rb7 Re1 69. Rb4 Kg7 70. Re4 Rg1 71. Rc4 Re1 72. Rc2 Kh6 73. Ra2 Kg7 74.
Ra7 Re2 75. g4 hxg4 76. fxg4 Re1 77. Re7 Kf8 78. Rd7 Kg7 79. Rd5 Kh6 80. Rd3
Rf1+ 81. Rf3 Re1 82. Rf2 Kg7 83. h5 Rg1 84. Rh2 Kh6 85. Rh3 g5+ 86. Kf5 Rf1+
87. Ke4 Rf4+ 88. Kd5 Rxg4 89. Rf3 Rf4 90. Rxf4 gxf4 91. Ke4 Kxh5 92. Kxf4
1/2-1/2